| 000 | 02397cam a2200277 i 4500 | ||
|---|---|---|---|
| 001 | 991060995153106706 | ||
| 005 | 20251014174537.0 | ||
| 008 | 230613e202306 spc||||| |||||000 f spa|c | ||
| 015 |
_aLL2023 _2bnc |
||
| 020 | _a9788419346025 | ||
| 035 | _a(OCoLC)1439362115 | ||
| 040 |
_aES-BaUB _bcat _erda _cES-BaUB _dES-BaBC |
||
| 041 | 1 |
_aspa _hjpn |
|
| 100 |
_aKashiwai, Hisashi _d1952- _eauthor _926167 |
||
| 240 | 1 | 0 |
_aKamogawa shokudō gochisō. _lSpanish. |
| 245 | 1 | 4 |
_aLos Misterios de la taberna Kamowaga _c/ Hisashi Kashiwai ; translated by Víctor Illera Kanaya. |
| 250 | _aFirst edition. | ||
| 260 |
_aBarcelona : _bSalamandra, _c2023. |
||
| 300 |
_a185 pages ; _c22 cm. |
||
| 500 | _aTranslation of: Kamogawa shokudō gochisō | ||
| 520 | _aLos misterios de la taberna Kamogawa es una de las novelas más apetitosas que vas a leer jamás. Una historia llena de ternura sobre una pareja de detectives formada por el padre y la hija del Kamogawa Shokudo, un restaurante escondido en Kioto, que siempre está lleno. El éxito entre la clientela radica en que este dúo singular se ha especializado en preparar exactamente el plato que el público anhela y recuerda de su pasado y no es capaz de reproducir o encontrar. Y lo hacen investigando la historia de la persona en cuestión. Kamogawa Koishi y su padre Nagare, antiguo detective, escuchan las confidencias de sus comensales, que anhelan revivir un momento mágico, y recrean los platos cocinados por sus seres queridos, en una novela deliciosa en todos los sentidos. | ||
| 520 | _aThe Mysteries of the Kamogawa Tavern is one of the most delightful novels you’ll ever read. It’s a tender story about a father-and-daughter detective duo who run the Kamogawa Shokudo, a hidden restaurant in Kyoto that’s always full. Their secret to success lies in their unique talent for preparing exactly the dish that their customers long for and remember from the past—one they can no longer recreate or find. To do so, they investigate each person’s story. Kamogawa Koishi and her father Nagare, a former detective, listen to their diners’ confidences as they yearn to relive a magical moment, and they bring to life the dishes once cooked by their loved ones—making this novel a feast for the heart and the senses. | ||
| 655 | 0 |
_aCozy mysteries _925814 |
|
| 700 |
_aIllera Kanaya, Víctor _etranslator _923420 |
||
| 942 | _2lcc | ||
| 999 |
_c5048 _d5048 |
||